Native policies in Africa / (Record no. 13237)

MARC details
000 -LEADER
fixed length control field 00595nam a22002052 4500
001 - CONTROL NUMBER
control field 0000009704
005 - DATE AND TIME OF LATEST TRANSACTION
control field 20151217155842.0
008 - FIXED-LENGTH DATA ELEMENTS--GENERAL INFORMATION
fixed length control field 081119s xx 000 0 eng d
040 ## - CATALOGING SOURCE
Original cataloging agency KABU
Transcribing agency KABU
100 1# - MAIN ENTRY--PERSONAL NAME
Personal name Mair, L. P.
-- 0000161450
245 10 - TITLE STATEMENT
Title Native policies in Africa /
Statement of responsibility, etc. L. P. Mair.
250 ## - EDITION STATEMENT
Edition statement 1st ed.
260 ## - PUBLICATION, DISTRIBUTION, ETC. (IMPRINT)
Place of publication, distribution, etc. London :
Name of publisher, distributor, etc. Routledge,
Date of publication, distribution, etc. 1936.
300 ## - PHYSICAL DESCRIPTION
Extent xi, 303 p.
650 #0 - SUBJECT ADDED ENTRY--TOPICAL TERM
Topical term or geographic name as entry element Indegenous people
Geographic subdivision Africa.
-- 0000161451
651 #0 - SUBJECT ADDED ENTRY--GEOGRAPHIC NAME
Geographic name Africa
General subdivision Colonization.
-- 0000161452
852 1# - LOCATION
-- p500 KES
908 ## - PUT COMMAND PARAMETER (RLIN)
Put command parameter 081119
950 ## - LOCAL HOLDINGS (RLIN)
-- 1
Holdings
Withdrawn status Lost status Source of classification or shelving scheme Not for loan Home library Current library Date acquired Total Checkouts Full call number Barcode Date last seen Price effective from Koha item type
    Library of Congress Classification   Kabarak, Main Campus Kabarak, Main Campus 17/12/2015   DT31 .M35 c. 1 15561 17/12/2015 17/12/2015 Africana Collection
Designed with assistance from East African Informatics Ltd